00863nam a22002417a 450000500170000001000130001702000220003003500130005203700160006504000120008108200210009310000290011424500530014326000370019627000510023330000330028450000610031765000170037865000440039594200300043999900190046995201330048820170124110223.0 aA-459244 c00.00a8185067635 aA-459244 bCen Lib/Ret aDPLbEN a792.8095431bBHA aBhagyalekshmy, S.940166 aMusic and bharathanatyam /cby S. bhagyalekshmy  aDelhi bSundeep Prakashan c1991 bDelhi e110005a6191/1, dev nagar, karol bagh  aviii, 127p.:c23cm(Hb)bill. aIncludes appendix, bibliographical references and index  aMusic 94778 aBharathanatyamxClassical dance 940167 2ddccENh792.8095431mBHA c134236d134236 001040718REFaLbLd2015-07-29eCen Lib/Retg0.00l0o792.8095431 BHApA-459244r2015-07-29 00:00:00t1v0.00w2015-07-29yEN